Radzieccy przywódcy 1917 - 1991 - Statystyki

Ogólne statystyki
  • Ten quiz został rozwiązany 7 913 razy
    3 681 od ostatniego zresetowania
  • Średni wynik to 5 z 9
Statystyki odpowiedzi
Lata Przywódca % Poprawnych
1924-1953 Józef Stalin
99%
1917-1924 Włodzimierz Lenin
96%
1985-1991 Michaił Gorbaczow
72%
1953-1964 Nikita Chruszczow
68%
1964-1982 Leonid Breżniew
62%
1953 Ławrientij Beria
34%
1982-1984 Jurij Andropow
26%
1984-1985 Konstantin Czernienko
19%
1953 Gieorgij Malenkow
17%
Nie znaleziono quizów pasujących do podanych kryteriów
Rozkład punktacji
Procent ludzi z każdym wynikiem
Percentyl według liczby udzielonych odpowiedzi
Twoja historia wyników
Nie rozwiązałeś tego quizu od ostatniego zresetowania